| 000 | 00494nam a2200169Ia 4500 | ||
|---|---|---|---|
| 008 | 090201s9999 xx 000 0 und d | ||
| 010 | _aKPL-42637 | ||
| 040 | _bमराठी | ||
| 041 | _aमराठी | ||
| 082 |
_a8107 _b42637 |
||
| 100 | _aना सी फडके | ||
| 245 |
_aजादुगार _cना सी फडके |
||
| 260 |
_c2004 _bव्हीनस प्रकाशन |
||
| 300 |
_a304 _bमोठा |
||
| 600 | _aजादुगार | ||
| 942 | _cBOOK | ||
| 999 |
_c208738 _d208738 |
||